Statistics for Harambe Quiz

Click here to take the quiz!

General Stats

  • This quiz has been taken 680 times
    (254 since last reset)
  • The average score is 7 of 10

Answer Stats

HintAnswer% Correct
Who is the prime minister of the UKHarambe
93%
Who was the Top Scorer in the BPL last year?Harambe
93%
Who is, in the boxing world, the "Greatest of all time"?Harambe
93%
What is Jesus's Surname?Harambe
93%
Who is the Fastest Player on FIFA 16?Harambe
93%
What is Napoleon's SurnameHarambe
93%
Who is the Greatest Gorilla who ever lived? :,(Harambe
93%
Who is the president of the USA?Trump :(
67%
What's the name of Harambe's Girlfriend?Harambae
15%
Who Killed HarambeThe boy that jumped into the pen :(
7%

Score Distribution

Percentile by Number Answered

Percent of People with Each Score

Your Score History

You have not taken this quiz since the last reset